00859cam a2200241Mi 450000500170000000800410001702000150005802000180007303500210009104000390011204100080015110000290015924501620018824600270035026000490037730000240042650400530045065000240050365000230052765000180055065000270056870000220059520151104100334.004 s1995 gw fr 001 0 ger d a3428074718 a9783428074716 a(OCoLC)444111804 aCo-BoUCMcSaul NiñodSaul Niño0 ager1 aSchmitt, Carld1888-198510aStaat, Großraum, NomosbArbeiten aus den Jahren 1916-1969cCarl Schmitt ; herausgegeben, mit einem Vorwort und mit Anmerkungen versehen von Günter Maschke aStaat, Grobraum, Nomos aBerlín (Alemania)bDuncker & Humblotc1995 axxix, 668 páginas aIncluye referencias bibliográficas e índices07aCiencia política 07aEstado de derecho 07aImperialismo 07aDerecho internacional 1 aMaschke, Günter